Fische Merkmale - Statistiken

Allgemein
  • Dieses Quiz wurde 9 mal gespielt
  • Das Durchschnittsergebnis liegt bei 3 aus 15
Antwortstatistiken
Hint Antwort % Korrekt
- Bauchflossen bauchständig - mit 6 deutlichen Barteln - ohne Schuppen - ohne Fettflosse Wels/Silurus glanis
63%
- Bauchflosse brustständig - Rückenflosse mit Einkerbung zwischen hartstrahligem (vorne) und weichstrahligem (hinten) Teil, vorderer Teil länger - schwarzer Fleck am Ende des vorderen Teils der Rückenflosse - Kiefer reichen bis unter die Augen Flussbarsch/Perca fluviatilis
50%
- Bauchflosse bauchständig - eine kurze Rückenflosse, eine Fettflosse - dunkle Punktierung (auch auf Rückenflosse, Fettflosse und Schwanzflosse) - ohne Barteln - Seitenlinie vollständig Körper höher als breit Regenbogenforelle/Oncorhynchus mykiss
38%
- Ba brustständig - vorne dicker Bauch - Brustflossen nicht scheibenförmig verwachsen - Rückenflosse in zwei Abschnitte geteilt (vorne Stachelstrahlen, hinten Weichstrahlen) - Unterkiefer ohne Barteln - Seitenlinie Vollständig Mühlkoppe/Cottus gobio
25%
- Bauchflosse bauchständig - 10 Barteln (4 kurze Barteln am unteren Mundrand) - länglicher Körper Schlammpeitzger/Misgurnus fossilis
25%
- Bauchflossen bauchständig - eine kurze Rückenflosse (weniger als 12 Weichstrahlen) - 1 Paar kurze Barteln - kleine Schuppen Schleie/Tinca tinca
25%
- Bauchflosse brustständig - ungeteilte Rückenflosse (vorne Stachelstrahlen, hinten Weichstrahlen) - Stachelstrahlen der Rückenflosse starr/stechend - Kiemendeckel mit schwarzem Punkt Sonnenbarsch/Lepomis gibbosus
25%
- Bauchflossen bauchständig - kurze Rückenflosse (weniger als 12 weichstrahlen) mit gesägtem vorderen Stachelstrahl - mit 2 Paar Barteln - Schuppen deutlich sichtbar Barbe/Barbus barbus
13%
- Bauchflossen bauchständig - schwarze Linie von Schwanzflosse ausgehend - kurze Rückenflosse (weniger als 12 Weichstrahlen) mit vorderem Stachelstrahl - Seitenlinie unvollständig - ohne Barteln Bitterling/Rhodeus amarus
13%
- Bauchflosse bauchständig - eine lange Rückenflosse (17-22 Weichstrahlen) mit gesägtem vorderen Stachelstrahl - 2 Paar kurze Barteln Karpfen/Cyprinus carpio
13%
- Bauchflossen bauchständig - eine kurze Rückenflosse (weniger als 12 Weichstrahlen) - ohne Barteln - Seitenlinie vollständig - kurze Analflosse Rotfeder/Scardinius erythrophthalamus
13%
- Bauchflosse bauchständig - Rücken mit 3 gesonderten Stachelstrahlen vor der Rückenflosse Dreichstacheliger Stichling/Gasterosteus aculeatus
0%
- Bauchflosse bauchständig - eine kurze Rückenflosse (weniger als 12 Weichstrahlen) mit vorderem Stachelstrahl - Seitenlinie vollständig - Analflosse kurz - sehr kleine Schuppen - keine Mittellinie aus winkelig geknickten Schuppen zwischen Bauch- und Analfflossen Elritze/Phoxinus phoxinus
0%
- Bauchflosse bauchständig - eine kurze Rückenflosse, eine Fettflosse - ohne Barteln - Seitenlinie vollständig - Mundspalte nicht bis unter die Augen reichend Renke/Coregonus spp.
0%
- Bauchflossen bauchständig - eine kurze Rückenflosse - ohne Barteln - Seitenlinie vollständig - Analflosse lang (14-15 Weichstrahlen) - Körper messerartig Sichling/Pelecus cultratus
0%
Keine übereinstimmenden Quizze gefunden
Verteilung der Resultate
Anzahl Personen mit jedem Resultat
Perzentil nach korrekt beantworteten Fragen
Ihre Resultats-Entwicklung
Sie haben dieses Quiz noch nicht gespielt